<?xml version="1.0" encoding="UTF-8"?><?xml-stylesheet type="text/xsl" href="static/style.xsl"?><OAI-PMH xmlns="http://www.openarchives.org/OAI/2.0/" xmlns:xsi="http://www.w3.org/2001/XMLSchema-instance" xsi:schemaLocation="http://www.openarchives.org/OAI/2.0/ http://www.openarchives.org/OAI/2.0/OAI-PMH.xsd"><responseDate>2026-06-29T02:37:59Z</responseDate><request verb="GetRecord" identifier="oai:docta.ucm.es:20.500.14352/13642" metadataPrefix="marc">https://docta.ucm.es/rest/oai/request</request><GetRecord><record><header><identifier>oai:docta.ucm.es:20.500.14352/13642</identifier><datestamp>2024-07-19T18:16:26Z</datestamp><setSpec>com_20.500.14352_14</setSpec><setSpec>col_20.500.14352_15</setSpec></header><metadata><record xmlns="http://www.loc.gov/MARC21/slim" xmlns:dcterms="http://purl.org/dc/terms/" xmlns:xsi="http://www.w3.org/2001/XMLSchema-instance" xmlns:doc="http://www.lyncode.com/xoai" xsi:schemaLocation="http://www.loc.gov/MARC21/slim http://www.loc.gov/standards/marcxml/schema/MARC21slim.xsd">
   <leader>00925njm 22002777a 4500</leader>
   <datafield ind2=" " ind1=" " tag="042">
      <subfield code="a">dc</subfield>
   </datafield>
   <datafield ind2=" " ind1=" " tag="720">
      <subfield code="a">García Lorenzo, María de la Luz</subfield>
      <subfield code="e">author</subfield>
   </datafield>
   <datafield ind2=" " ind1=" " tag="720">
      <subfield code="a">Crespo Feo, María Elena</subfield>
      <subfield code="e">author</subfield>
   </datafield>
   <datafield ind2=" " ind1=" " tag="720">
      <subfield code="a">Esbrí Víctor, José María</subfield>
      <subfield code="e">author</subfield>
   </datafield>
   <datafield ind2=" " ind1=" " tag="720">
      <subfield code="a">Higueras, Pablo</subfield>
      <subfield code="e">author</subfield>
   </datafield>
   <datafield ind2=" " ind1=" " tag="720">
      <subfield code="a">Grau, Patricia</subfield>
      <subfield code="e">author</subfield>
   </datafield>
   <datafield ind2=" " ind1=" " tag="720">
      <subfield code="a">Crespo, Isabel</subfield>
      <subfield code="e">author</subfield>
   </datafield>
   <datafield ind2=" " ind1=" " tag="720">
      <subfield code="a">Sánchez Donoso, Ramón</subfield>
      <subfield code="e">author</subfield>
   </datafield>
   <datafield ind2=" " ind1=" " tag="260">
      <subfield code="c">2019-06-05</subfield>
   </datafield>
   <datafield ind2=" " ind1=" " tag="520">
      <subfield code="a">This work presents an integral methodological approach to assess the environmental potential hazards posed by metals and metalloids hosted by spolic technosols derived from old tailings from a mining operation for galena (PbS, with high Ag contents)-sphalerite (ZnS, with a varied cohort of trace elements contents) in central Spain. We studied the total and soluble concentrations and spatial distribution of Pb, Zn, Cd, As, and Fe and the mineralogy of these soils, as well as an ecotoxicological evaluation by means of bioassays. The indices assessing soil contamination such as pollution load index (PI) and natural mobility index (NMI) have been calculated. Furthermore, the phytotoxic effect of the soil samples has been determined and a chronic sediment toxicity test using the benthic ostracod Heterocypris incongruens was applied. The geochemical study of 33 spolic technosols samples indicates large to extremely large metal and metalloid total contents: up to 48,600 mg kg−1 Pb, 34,000 mg kg−1 Zn, 500 mg kg−1 Cd, and 1000 mg kg−1 As. Given that sphalerite is usually the most important host mineral for cadmium in hydrothermal mineral deposits, there is a high correlation (R = 0.75) between this element and Zn. On the other hand, despite being two metallogenically intertwined elements in ore deposits, Pb and Zn show a less significant relationship, which can be attributed both to heterogeneities in the mineralogical composition of the veins, and to the complex history of the mineral concentration process: In the older process, the interest was only for Pb, meanwhile in the late period, the interest was focused in Zn. The Phytotoxkit® bioassay showed that soils with high PTEs presented very high toxicity, particularly the inhibition germination is related to Pb, As, and Cd content and root inhibition with Pb content. Both indexes were correlated with pH and electrical conductivity; samples with lower pH and higher soluble salt content are those with higher seed germination inhibition and root growth inhibition. On the other hand, the Ostracodtoxkit® bioassay showed very high sensitivity, with 100% mortality. The applied bioassays confirmed the soil toxicity and it is highly recommended to complement the results from environmental chemistry with results from bioassays, in order to provide a more complete and relevant information on the bioavailability of contaminants and to characterize the risk of contaminated areas.</subfield>
   </datafield>
   <datafield ind1="8" ind2=" " tag="024">
      <subfield code="a">2075-163X</subfield>
   </datafield>
   <datafield ind1="8" ind2=" " tag="024">
      <subfield code="a">10.3390/min9060346</subfield>
   </datafield>
   <datafield ind1="8" ind2=" " tag="024">
      <subfield code="a">https://hdl.handle.net/20.500.14352/13642</subfield>
   </datafield>
   <datafield ind1="8" ind2=" " tag="024">
      <subfield code="a">https://www.mdpi.com/2075-163X/9/6/346</subfield>
   </datafield>
   <datafield ind2="0" ind1="0" tag="245">
      <subfield code="a">Assessment of Potentially Toxic Elements in Technosols by Tailings Derived from Pb–Zn–Ag Mining Activities at San Quintín (Ciudad Real, Spain): Some Insights into the Importance of Integral Studies to Evaluate Metal Contamination Pollution Hazards</subfield>
   </datafield>
</record></metadata></record></GetRecord></OAI-PMH>